|
|
|
|
| LEADER |
00000nab a2200000 a 4500 |
| 001 |
vtls010040250 |
| 003 |
SK-MaSNL |
| 005 |
20260304155022.0 |
| 008 |
250507c2009 xo qr|p|||||||000 b|slo |
| 015 |
|
|
|a SNBRB2010/01
|2 snkbucl
|
| 035 |
|
|
|a (uuid)a802b4b2-f1fe-4d51-81a9-b3e46a625a03
|
| 035 |
|
|
|a urn:nbn:sk:snk-ab2y6m
|
| 035 |
|
|
|a (urnnbn)urn:nbn:sk:snk:ar-a033iq
|
| 038 |
|
|
|a SNKBUCL
|
| 040 |
|
|
|a SNKBUCL
|b slo
|c SNKBUCL
|e AACR2
|
| 041 |
0 |
|
|a slo
|
| 044 |
|
|
|a xo
|c SK
|
| 080 |
|
|
|a 745.51.071.1
|2 2001
|
| 100 |
1 |
|
|a Pastieriková, Marta,
|d 1952-
|4 ivr
|4 aut
|9 104494
|
| 245 |
1 |
0 |
|a Život svoj žijem
|b o živote a tvorbe Dušana Benického
|c Marta Pastieriková
|
| 300 |
|
|
|b Fotogr.
|
| 600 |
1 |
7 |
|a Benický, Dušan,
|d 1949-
|2 snkbucl
|9 131879
|
| 655 |
|
7 |
|a rozhovory
|2 snkbucl
|9 31831
|
| 700 |
1 |
|
|a Benický, Dušan,
|d 1949-
|4 ive
|9 131879
|
| 773 |
0 |
|
|t Remeslo, umenie, dizajn
|g Roč. 10, č. 4 (2009), s. 8-11
|x 1335-5457
|
| 850 |
|
|
|a Slovenská národná knižnica
|
| 852 |
|
|
|a Slovenská národná knižnica
|
| 958 |
|
|
|a article27
|
| 958 |
|
|
|a OND
|
| 958 |
|
|
|a SK
|
| 958 |
|
|
|a EUIPO
|
| 999 |
|
|
|c 2960366
|d 2962296
|